00757nam a2200193Ia 4500008004100000050001200041050001600053100002400069245020900093245008300302260003100385260001000416260001000426300001500436300002000451300001100471500005600482650002500538160628s9999 xx 000 0 und d aRC 941  b.Ar711 2016 aAriño, Jhoncel B. aCompliance rate on the use of gonadal shielding during chest radiography and the years of experience of the radiologic technologists in different hospitals in Las Pinas, Muntinlupa, and Parañaque City / cJhoncel B. Ariño, Christian B. Ariño, Kevin E. Pamintuan, Raniel A. Ratio. aLas Piñas, Philippines : bSISC, c2016. a69 pages : billustrations ; c28 cm. aIncludes bibliographical references and appendices. aChest - Radiography.